Language Quiz

Random Language or Africa Quiz

'The Lion King' Swahili Lesson Quiz Stats

Quiz Updated Oct 22, 2013

Challenge
Share
Tweet
Embed
Score 0/13 Timer 04:00
2 Plays Today
English meaning Swahili word % Correct
No worries!Hakuna matata
94.1%
LionSimba
67.1%
FriendRafiki
41.8%
SimpletonPumbaa
40.3%
Thank you very muchAsante sana
15.2%
MirageSarabi
15.1%
UncivilizedShenzi
12.8%
LoveUpendo (In the song it is 'Upendi')
12.5%
ScarKovu
11.1%
HateZira
6.6%
StinkNuka
5.9%
BattleVitani
4.2%
You are a baboon, (and) I am notWewe nugu, mimi hapana
2.2%

You're not logged in!

Compare scores with friends on all Sporcle quizzes.
Sign Up with Email
OR
Log In

You Might Also Like...

Show Comments

Extras

Top Quizzes Today


Score Distribution

Your Account Isn't Verified!

In order to create a playlist on Sporcle, you need to verify the email address you used during registration. Go to your Sporcle Settings to finish the process.